Stick Season by Noah Kahan - Lyrics Quiz - Statistics

General Stats
  • This quiz has been taken 3,034 times
  • The average score is 329 of 422
Answer Stats
Answer % Correct
a
99%
i
99%
the
98%
you
98%
of
97%
that
97%
and
95%
your
95%
my
94%
me
93%
half
92%
it
92%
season
92%
to
92%
but
91%
for
91%
sticks
91%
mom
90%
have
89%
it's
89%
she
89%
forgot
88%
like
87%
love
87%
no
87%
on
87%
saw
86%
fault
85%
so
85%
Vermont
85%
existed
84%
all
81%
do
81%
play
81%
some
81%
victim
81%
just
80%
was
80%
drink
79%
Christmas
78%
come
78%
friends
78%
home
78%
not
78%
alcohol
77%
as
77%
i'll
77%
'til
76%
dream
73%
night
73%
promised
73%
version
73%
'cause
72%
combined
72%
each
72%
miles
72%
now
72%
through
72%
had
71%
i'm
71%
more
71%
must
71%
than
71%
change
70%
drive
69%
exit
69%
lose
69%
heart
68%
sign
67%
did
66%
can't
65%
covid
65%
in
65%
passed
65%
left
64%
told
64%
voice
64%
future
63%
halfway
63%
might
63%
right
63%
our
62%
driving
61%
kept
61%
off
61%
travel
61%
doc
60%
straight
60%
there's
60%
yourself
60%
anger
59%
planes
59%
shoes
59%
stuck
59%
pair
58%
tire
58%
between
57%
way
57%
when
57%
am
56%
tracks
56%
exactly
55%
one
55%
split
55%
trailed
55%
weed
55%
smoking
54%
memories
52%
something
51%
you're
51%
see
50%
that'll
50%
rains
49%
weather
49%
terrified
48%
even
46%
face
46%
replace
46%
call
42%
miss
41%
dad
40%
from
39%
out
39%
could
38%
laugh
38%
thought
38%
blame
37%
funny
37%
oh
37%
inherited
36%
longer
36%
other
36%
back
35%
bad
35%
darkness
35%
good
35%
if
35%
cancel
34%
called
33%
does
31%
once
31%
forever
30%
are
29%
piled
29%
passing
27%
this
26%
doubt
25%
hope
24%
pain's
23%
No matching quizzes found
Score Distribution
Percent of People with Each Score
Percentile by Number Answered
Your Score History
You have not taken this quiz